"Emergencia, competencia y control químico de fumaria officinalis L. en el cultivo de trigo Triticum aestivum L." /

Guardado en:
Otros Autores: Gigón, Ramón. (Disertante), Sabbatini, Mario Ricardo. (Orientador)
Formato: Manuscrito
Idioma:Spanish
Publicado: 2010.
Materias:
Etiquetas: Agregar Etiqueta
Sin Etiquetas, Sea el primero en etiquetar este registro!
LEADER 01051ntm a22002535a 4500
001 EEA.libagro009341
005 20140205131021.0
008 100511s2010####ag#a#####bm###000#0#spa#d
082 0 4 |a 040  |2 15 
100 1 |a Gigón, Ramón.  |4 dis 
245 1 0 |a "Emergencia, competencia y control químico de fumaria officinalis L. en el cultivo de trigo Triticum aestivum L." /  |c Ramón Gigón. 
260 |c 2010. 
300 |a xvii, 111 h. :  |b il. ;  |c 30 cm. 
500 |a Director de tesis: Mario Ricardo Sabbatini. 
500 |a "Tesis Magíster en Ciencias Agrarias". 
502 |a Tesis (magíster)--Universidad Nacional del Sur. Departamento de Agronomía, 2010. 
504 |a Incluye referencias bibliográficas (p. 95-111). 
530 |a Disponible también en formato digital. 
650 7 |a Malezas.  |2 unbist 
650 7 |a Trigo.  |2 unbist 
650 7 |a Cultivos.  |2 unbist 
700 1 |a Sabbatini, Mario Ricardo.  |4 ths 
710 2 |a Universidad Nacional del Sur.  |b Departamento de Agronomía.  |4 dgg. 
859 |a AR-BbBCA  |b BIB. AGRONOMIA  |h 040  |i B148 2010-994  |p 121444/010